L'Afrique en chansons - Statistiques

Statistiques générales
  • Ce quiz a été pris 39 fois
  • Le résultat moyen est 4 sur 12
Statistiques - réponses
Question Réponse % Correct
Qui interprète Afrique adieu ? Michel Sardou
69%
Avec quelle chanson Yannick Noah connut-il le succès en tant que chanteur en 1991 ? Saga Africa
69%
Les chansons des quatre questions précédentes sont sorties la même année. Laquelle ? 1982
61%
Qui est l'interprète originale de la chanson Africa reprise en 2018 par Julien Doré, en duo avec Dick Rivers ? Rose Laurens
42%
Quel collectif réunissant une quarantaine d'artistes enregistre en 1985 We are the world ? USA for Africa
42%
Qui rend hommage à la chanteuse sud-africaine d'ethno-jazz Myriam Makeba dans la chanson Makeba sortie en 2015 ? Jain
39%
Quel groupe ivoirien promeut en 2011 l'Ambiance à l'africaine ? Magic System
36%
Sur quel titre le chanteur M déclare ne pas connaître l'Afrique ? Mama Sam
11%
Quelle chanson de Johnny Clegg apparaît sur la bande originale du film Rain man ? Scatterlings of Africa
8%
Quel est le titre de l'album où figure le titre Africa qui a consacré le groupe californien Toto ? Toto IV
6%
Le titre interprété par Shakira sous le nom de Waka waka est à l'origine une chanson de la garde présidentielle camerounaise. Comment s'appelle-t-elle ? Zangalewa
3%
Quel artiste norvégien a repris Africa de Toto dans une version métal que l'on peut écouter sur sa chaîne YouTube Frog Leap Studios ? Leo Moracchioli
0%
Aucun quiz correspondant
Distribution des résultats
% des personnes avec chaque résultat
Percentile par nombre de réponses
Votre historique - résultats
Vous n’avez pas pris ce quiz